000
00311 a2200121 4500
000
nam a22 7a 4500
005
20260105184118.0
020
_a
9789332550339
100
_a
Oppenheim, Alan V.; Schafer, Ronald W.
_9
862007
245
_a
Digital Signal Processing
260
_b
Pearson
_c
2025
942
_c
TEXL
999
_c
1466949
_d
1466949